000 06566cam a22020054i 4500
003 PE-LiUPU
005 20250813165734.0
008 150706s2008 mx a r 000 0 spa d
020 _a9681865820
020 _a9789681865825
035 _a(Sirsi) i9789681865825
035 _a(Sirsi) i9789681865825
040 _aPE-LiUPU
_bspa
_cPE-LiUPU
_dPE-LiUPU
_erda
049 _aPRUA
082 0 4 _a658.562
_bS69
_221
100 1 _aSosa Pulido, Demetrio,
_eautor.
245 1 0 _aAdministración por calidad :
_bun modelo de calidad total para las empresas /
_cDemetrio Sosa Pulido.
250 _aSegunda edición.
264 1 _aMéxico :
_bLimusa,
_c2008.
300 _a241 páginas :
_bilustraciones ;
_c23 centímetros
336 _atext
_2rdacontent
337 _aunmediated
_2rdamedia
338 _avolume
_2rdacarrier
505 0 _aAntecedentes y evolución de la calidad -- Administración por calidad -- La administración general desde la perspectiva de la administración por calidad -- Metodología del proyecto -- Cultura de calidad -- Aseguramiento de la calidad -- El trabajo en equipo y los equipos de trabajo -- Creatividad -- Visión de empresa -- Costos de calidad.
526 _aP203
526 _aP200
526 _aSEG65
526 _aSEG64
526 _aSEG63
526 _aSEG62
526 _aSEG61
526 _aSEG60
526 _aSEG59
526 _aSEG58
526 _aSEG57
526 _aSEG56
526 _aSEG55
526 _aSEG54
526 _aSEG53
526 _aSEG52
526 _aSEG51
526 _aSEG50
526 _aSEG49
526 _aSEG48
526 _aSEG47
526 _aSEG46
526 _aSEG24
526 _aSEG23
526 _aSEG22
526 _aSEG21
526 _aSEG20
526 _aSEG19
526 _aSEG18
526 _aSEG17
526 _aSEG16
526 _aSEG14
526 _aSEG13
526 _aSEG12
526 _aSEG11
526 _aSEG10
526 _aSEG09
526 _aSEG06
526 _aSEG05
526 _aSEG04
526 _aSEG03
526 _aSEG02
526 _aSEG68
526 _aSEG66
526 _aSEG45
526 _aSEG25
526 _aSEG01
526 _aP163
526 _aP162
526 _aP161
526 _aP160
526 _aP159
526 _aP158
526 _aP157
526 _aP156
526 _aP155
526 _aP154
526 _aP153
526 _aP152
526 _aP151
526 _aP150
526 _aP149
526 _aP142
526 _aP141
526 _aP140
526 _aP139
526 _aP138
526 _aP137
526 _aP132
526 _aP131
526 _aP130
526 _aP126
526 _aP125
526 _aP124
526 _aP123
526 _aP115
526 _aP122
526 _aP121
526 _aP116
526 _a P114
526 _aP112
526 _aP111
526 _aP104
526 _aP103
526 _aP102
526 _aP101
526 _aP100
526 _aP96
526 _aP95
526 _aP93
526 _aP92
526 _aP91
526 _aP88
526 _aP83
526 _aP82
526 _aP79
526 _aP78
526 _aP75
526 _aP74
526 _aP71
526 _aP69
526 _a P51
526 _aP49
526 _aP48
526 _aP47
526 _aP33
526 _aP31
526 _a P30
526 _aP29
526 _aP27
526 _aP26
526 _aP25
526 _aP24
526 _a P22
526 _aP10
526 _aP09
526 _a P08
526 _aP06
526 _aP05
526 _aP04
526 _aP01
541 _g0030-0005438;
541 _g001-0036519;
541 _g001-0036519;
650 1 4 _aAdministración.
_94009
650 2 4 _aCalidad en las organizaciones.
942 _2ddc
_cBOOK
949 _a658.562 S69 2008
_wDEWEY
_c1
_iFJ01037
_lCCODEBUJ1
_mBUJ
_p10.90
_rM
_sY
_tBOOK
_u2016-7-18
_xFCE
_PP04
_0CANJE
_o.STAFF. Coleccion General Juliaca
949 _a658.562 S69 2008
_wDEWEY
_c2
_iFJ01038
_CGJ
_mBUJ
_p10.90
_rM
_sY
_tBOOK
_u2016-7-18
_xFCE
_PP04
_0CANJE
_o.STAFF. Coleccion General Juliaca
949 _a658.562 S69
_wDEWEY
_c1
_i59655
_d2016-4-22
_e2016-4-21
_lCCODEBUL1
_lCCODEBUL1
_mBUL
_n1
_p11.00
_r0
_sY
_tBOOK
_u2015-7-6
_xINGENIERIA
_PP27
_0COMPRA
_o.STAFF. Colección Ciencias Empresariales
949 _a658.562 S69
_wDEWEY
_c2
_i66167
_lCCODEBUL1
_mBUL
_p20.00
_r0
_sY
_tBOOK
_u2015-7-6
_xFCE
_PP04
_o.STAFF. Colección General
949 _a658.562 S69
_wDEWEY
_c3
_i66168
_lCCODEBUL1
_mBUL
_p20.00
_r0
_sY
_tBOOK
_u2015-7-6
_xFCE
_PP04
_o.STAFF. Colección General
949 _a658.562 S69
_wDEWEY
_c4
_i69938
_lCCODEBUL1
_mBUL
_p21.00
_r0
_sY
_tBOOK
_u2015-7-22
_xFCE
_PP04
_0COMPRA
_o.STAFF. Colección Ciencias Empresariales
949 _a658.562 S69
_wDEWEY
_c5
_i69981
_lCCODEBUL1
_mBUL
_p17.00
_r0
_sY
_tBOOK
_u2015-7-22
_xFCE
_PP04
_0COMPRA
_o.STAFF. Colección General
994 _aC0
_bPEPRU
596 _a1 3
999 _a658.562 S69
_wDEWEY
_c49204
_i59655
_d49204
_e2016-4-21
_f2021-11-8
_g7
_lCCODEBUL1
_mBUL
_n1
_p11.00
_q2
_r0
_sY
_tBOOK
_u2015-7-6
_xFCE
_zP27
_0COMPRA
_o.STAFF. Colección Ciencias Empresariales
999 _a658.562 S69
_wDEWEY
_c2
_i66167
_lLOST
_mBUL
_p20.00
_r1
_sY
_tBOOK
_u2015-7-6
_xFCE
_PP04
_o.STAFF. Colección General
999 _a658.562 S69
_wDEWEY
_c3
_i66168
_lLOST
_mBUL
_p20.00
_r1
_sY
_tBOOK
_u2015-7-6
_xFCE
_PP04
_o.STAFF. Colección General
999 _a658.562 S69
_wDEWEY
_c4
_i69938
_d2019-8-14
_e2019-6-12
_f2021-11-8
_g5
_lCCODEBUL1
_mBUL
_n2
_p21.00
_q6
_r0
_sY
_tBOOK
_u2015-7-22
_xFCE
_zP04
_0COMPRA
_o.STAFF. Colección Ciencias Empresariales
999 _a658.562 S69
_wDEWEY
_c5
_i69981
_f2019-12-11
_g5
_lCCODEBUL1
_mBUL
_p17.00
_r0
_sY
_tBOOK
_u2015-7-22
_xFCE
_PP04
_0COMPRA
_o.STAFF. Colección General
999 _a658.562 S69 2008
_wDEWEY
_c1
_iFJ01037
_d2018-11-5
_e2018-10-30
_f2022-2-1
_g4
_lCCODEBUJ1
_mBUJ
_n3
_p10.90
_q3
_r0
_sY
_tBOOK
_u2016-7-18
_xFCE
_PP04
_0CANJE
_o.STAFF. Coleccion General Juliaca
999 _a658.562 S69 2008
_wDEWEY
_c2
_iFJ01038
_d2019-5-20
_e2018-8-17
_f2022-2-1
_g4
_lCCODEBUJ1
_mBUJ
_n4
_q8
_r0
_sY
_tBOOK
_u2016-7-18
_xFCE
_PP04
_0COMPRA
_o.STAFF. Coleccion General Juliaca
980 _81
_gALBERTO SANCHEZ Responsable de Automatización